Дело по прошению бывшего помощника проректора Университета Святого Владимира Константина Божовского о выдаче ему добавочного жал...

Доступно только в Электронных читальных залах Найти на картеНа карте
RUSMARC
00003807nmc2a22000003x 450
001c77d1397-9b27-4c0a-9d54-8913709a3f76
00520180523144121.0
100##$a20160517l18871890k l0rusy0189 ca
1010#$arus
102##$aRU
2001#$aДело по прошению бывшего помощника проректора Университета Святого Владимира Константина Божовского о выдаче ему добавочного жалованья по должности инспектора
$j10 января 1887 г. - 5 июня 1890 г.
251##$cДело
300##$aДело
801#0$aRU
$bРГИА
$c20160517
$gRCR
801#1$aRU
$bГлавНИВЦ
$c20160517
$2rusmarc
801#2$aRU
$bПБ им. Б.Н. Ельцина
$c20180523
$gRCR
$2rusmarc
850##$aРГИА
852##$aРГИА
$eФедеральное казенное учреждение "Российский государственный исторический архив" (РГИА)
$j150
937##$hРГИА
$d12205686
$aASBIBLIO_SCAN
462#0$100172e5b07f-5533-4156-8670-50a03868b2f1
$12001
$aДела разряда высших учебных заведений Департамента народного просвещения за 1886-1898 гг.
$1251
$cОпись
$1852
$j150
461#0$1001a74412a3-3cc5-4d21-8f0a-dfe2fbd9e72d
$12001
$aДепартамент народного просвещения Министерства народного просвещения (1803-1917)
$1251
$cФонд
$1852
$j733
215##$a75 л.
$d36,5х26 см
371##$aДокумент не является опубликованным и широко распространяемым
105##$ay###
1222#$ad
035##$ac77d1397-9b27-4c0a-9d54-8913709a3f76
856##$uhttp://readingroom.main.prlib.ru/item.aspx?id_node=n115106351&mode=full
Формат отображения